000 00684nam a22002057a 4500
005 20140616124611.0
010 _aENG-110121
020 _a9789325968851
_c250.00
035 _aEN-93654
037 _bDBAD/PUB
082 _a346.07
100 _aKuchhal, M.C.
245 _aBusiness laws :
_cby M.C. Kuchhal [and] Vivek Kuchhal
_bfor four year undergraduate programme in commerce, semester-I, paper DCI-1, University of Delhi
250 _a3rd rev. ed
260 _aNoida
_bVikas Publishing House
_c2013
270 _aE-28, Sector-8, Noida
_bNoida
_e201301
300 _axxiv,360p.
_c22cm(pbk)
700 _aKuchhal, Vivek
942 _2ddc
_cEN
_mKUC
_h346.07
999 _c84994
_d84994